书目信息 |
| 题名: |
光纤通信技术
|
|
| 作者: | 原荣 编著 | |
| 分册: | ||
| 出版信息: | 北京 机械工业出版社 2021.01 |
|
| 页数: | XV, 461页 | |
| 开本: | 24cm | |
| 丛书名: | ||
| 单 册: | ||
| 中图分类: | TN929.11 | |
| 科图分类: | ||
| 主题词: | 光纤通信--guang xian tong xin | |
| 电子资源: | ||
| ISBN: | 978-7-111-66121-4 | |
| 000 | 01293nam0 2200277 450 | |
| 001 | 202021044943 | |
| 005 | 20211025120153.0 | |
| 010 | @a978-7-111-66121-4@dCNY146.00 | |
| 100 | @a20211006d2021 em y0chiy50 ea | |
| 101 | 0 | @achi |
| 102 | @aCN@b110000 | |
| 105 | @aa a 000yy | |
| 106 | @ar | |
| 200 | 1 | @a光纤通信技术@Aguang xian tong xin ji shu@d= Optical fiber communication technology@f原荣编著@zeng |
| 205 | @a第2版 | |
| 210 | @a北京@c机械工业出版社@d2021.01 | |
| 215 | @aXV, 461页@c图@d24cm | |
| 314 | @a原荣, 中国电子科技集团公司第34研究所原研究员, 中国通信学会会士。 | |
| 320 | @a有书目 (第458-461页) | |
| 330 | @a本书共分11章, 第1章概述了光纤通信的发展史、技术进展和基础知识, 包括均匀介质中的光波和光的传播特性 ; 第2-6章介绍了光纤光缆、光无源/有源器件、光接收/发射和放大 ; 第7-8章阐述了信道编码、复用和光调制、电复用/光复用和相干光纤通信系统、高速光纤通信关键技术及系统 ; 第9章阐述了光纤通信系统OSNR、Q参数预算及技术设计 ; 第10章介绍了无源光网络接入技术 ; 第11章简述了常用的光纤通信测量仪器、光纤特性、系统器件和指标的测试技术。 | |
| 510 | 1 | @aOptical fiber communication technology@zeng |
| 606 | 0 | @a光纤通信@Aguang xian tong xin |
| 690 | @aTN929.11@v5 | |
| 701 | 0 | @a原荣@Ayuan rong@4编著 |
| 801 | 0 | @aCN@c20210909 |
| 905 | @a河南城建学院图书馆@dTN929.11@eY931 | |
| 光纤通信技术= Optical fiber communication technology/原荣编著.-第2版.-北京:机械工业出版社,2021.01 |
| XV, 461页:图;24cm |
| ISBN 978-7-111-66121-4:CNY146.00 |
| 本书共分11章, 第1章概述了光纤通信的发展史、技术进展和基础知识, 包括均匀介质中的光波和光的传播特性 ; 第2-6章介绍了光纤光缆、光无源/有源器件、光接收/发射和放大 ; 第7-8章阐述了信道编码、复用和光调制、电复用/光复用和相干光纤通信系统、高速光纤通信关键技术及系统 ; 第9章阐述了光纤通信系统OSNR、Q参数预算及技术设计 ; 第10章介绍了无源光网络接入技术 ; 第11章简述了常用的光纤通信测量仪器、光纤特性、系统器件和指标的测试技术。 |
| ● |
| 相关链接 |
|
|
|
正题名:光纤通信技术
索取号:TN929.11/Y931
 
预约/预借
| 序号 | 登录号 | 条形码 | 馆藏地/架位号 | 状态 | 备注 |
| 1 | 1544603 | 215446033 | 自科库301/301自科库 999排9列3层/ [索取号:TN929.11/Y931] | 在馆 |